| 000 | 00868nam a22002777a 4500 | ||
|---|---|---|---|
| 001 | 26846 | ||
| 003 | UA-OsUOA | ||
| 005 | 20201224205217.0 | ||
| 007 | ta | ||
| 008 | 20040610b un ||||| |||| 00| 0 ukr d | ||
| 020 | _a966-95565-6-2 | ||
| 040 |
_aUA-OsUOA _bukr _cUA-OsUOA _dUA-OsUOA |
||
| 041 | _aukr | ||
| 044 | _aUA | ||
| 080 | _a657(075.8) | ||
| 090 |
_a657(075.8) _bК89 |
||
| 100 | _aКузьмінський А. М. | ||
| 245 |
_aТеорія бухгалтерського обліку _bпідручник |
||
| 260 |
_aКиїв _bРедакція газети "Все про бухгалтерський облік" _c1999 |
||
| 300 |
_a288 с. _bІлюстрації |
||
| 650 | 7 | _2UDC | |
| 700 | _aКузьмінський Ю.А. | ||
| 942 |
_cBK _2udc |
||
| 955 | _a0 | ||
| 999 |
_c313180 _d313180 |
||